00510nam a2200133Ia 4500008004100000100002000041245005700061245010700118260005300225260001400278300000800292650001500300856006100315170221s9999 xx 000 0 und d aAnait S. Basyuk aAdministration Management in the Innovation Cluster  cAnait S. Basyuk, Alexander Yu. Anisimov, Victoria V. Prokhorova, Oksana N. Kolomyts, Fedor V. Shutilov bInternational Review of Management and Marketing cJune 2016 a5:2 xMarketing. uhttp://www.econjournals.com/index.php/irmm/issue/view/86